| 000 | 00000nam 2200000za 4500 |
| 001 | 9.698810 |
| 003 | CaOODSP |
| 005 | 20210625000110 |
| 007 | cr ||||||||||| |
| 008 | 150407|2011||||xxc|||||o f|0| 0 eng d |
| 040 | |aCaOODSP|beng |
| 043 | |an-cn--- |
| 086 | 1 |aSE3-88/2011E-PDF |
| 245 | 00|aAboriginal electoral participation in Canada |h[electronic resource] / |c[by] Patrick Fournier, Université de Montréal, and Peter John Loewen, University of Toronto. |
| 260 | |aOttawa : |bElections Canada, |c2011. |
| 300 | |a70 p. : |bgraphs |
| 500 | |a"November 2011." |
| 590 | |a14-07-Supp|b2014-04-03 |
| 690 | 07|aIndigenous peoples|2gcpds |
| 690 | 07|aElections|2gcpds |
| 710 | 2 |aElections Canada. |
| 720 | 1 |aFournier, Patrick |
| 720 | 1 |aLoewen, Peter John |
| 775 | 08|tParticipation électorale des Autochtones au Canada |w(CaOODSP)9.642821 |
| 856 | 40|ahttp://publications.gc.ca|qPDF|s543 KB|uhttps://publications.gc.ca/collections/collection_2014/elections/SE3-88-2011-eng.pdf |